| 000 | 00607nam a2200169 a 4500 | ||
|---|---|---|---|
| 001 | 000036810 | ||
| 005 | 20200930075941.0 | ||
| 008 | 120201s2012 dr ac 000 0 spa d | ||
| 020 | _a9789945872347 | ||
| 040 |
_aDO-SdBNP _bspa _cBNPHU |
||
| 082 |
_axxxx _bM671a |
||
| 100 | 1 |
_aMirabal, Yoselman R., _d1969- _91777 |
|
| 245 | 1 | 0 |
_aAprendiendo a estudiar la biblia. / _cYoselman R. Mirabal; prólogo de Urbano Ventura RodrÃguez. |
| 260 |
_aSanto Domingo : _bMirabal producciones, _c2012. |
||
| 300 |
_a147 p. : _bils., retrs. ; _c22 cm. |
||
| 586 | _aLa biblioteca posee dos ejemplares autografiados por el autor | ||
| 999 |
_c36301 _d36301 |
||